书目信息 |
| 题名: |
高纯魔芋葡甘聚糖制备与热塑改性
|
|
| 作者: | 罗学刚 编著 | |
| 分册: | ||
| 出版信息: | 北京 科学出版社 2012 |
|
| 页数: | 13,342页 | |
| 开本: | 24cm | |
| 丛书名: | ||
| 单 册: | ||
| 中图分类: | TQ351.37 | |
| 科图分类: | ||
| 主题词: | 葡甘聚糖 , 芋 , 芋--葡甘聚糖--高等学校--专著 | |
| 电子资源: | ||
| ISBN: | 978-7-03-033089-5 | |
| 000 | 00971nam0 2200253 45 | |
| 001 | 1355405530 | |
| 005 | 20130513151418.98 | |
| 010 | @a978-7-03-033089-5@dCNY75.00 | |
| 100 | @a20130108d2012 em y0chiy50 ea | |
| 101 | 0 | @achi |
| 102 | @aCN@b110000 | |
| 105 | @aa z 000yy | |
| 106 | @ar | |
| 200 | 1 | @a高纯魔芋葡甘聚糖制备与热塑改性@AGao Chun Mo Yu Pu Gan Ju Tang Zhi Bei Yu Re Su Gai Xing@f罗学刚编著@FLuo Xue Gang Bian Zhu |
| 210 | @a北京@c科学出版社@d2012 | |
| 215 | @a13,342页@c图@d24cm | |
| 330 | @a本书反映了多年来在高纯魔芋葡甘聚糖制备、热塑改性和应用研究方面的最新成果和数据,主要涉及高纯魔芋葡甘聚糖制备、疏水改性、热塑改性、流变特性、应用特性的表征以及魔芋葡甘聚糖在热塑材料、共混材料等方面的应用基础研究内容。 | |
| 606 | 0 | @a葡甘聚糖 |
| 606 | 0 | @a芋 |
| 606 | 0 | @a芋@x葡甘聚糖@x高等学校@j专著 |
| 690 | @aTQ351.37@v5 | |
| 701 | 0 | @a罗学刚@ALuo Xue Gang@c(大学教师)@4编著 |
| 801 | @aCN@bTANGWEI@c20130111 | |
| 905 | @b0831055-57@dTQ351.37@e13@f3 | |
| 高纯魔芋葡甘聚糖制备与热塑改性/罗学刚编著.-北京:科学出版社,2012 |
| 13,342页:图;24cm |
| ISBN 978-7-03-033089-5:CNY75.00 |
| 本书反映了多年来在高纯魔芋葡甘聚糖制备、热塑改性和应用研究方面的最新成果和数据,主要涉及高纯魔芋葡甘聚糖制备、疏水改性、热塑改性、流变特性、应用特性的表征以及魔芋葡甘聚糖在热塑材料、共混材料等方面的应用基础研究内容。 |
| ● |
| 相关链接 |
|
|
|
|
正题名:高纯魔芋葡甘聚糖制备与热塑改性
索取号:TQ351.37/13
 
预约/预借
| 序号 | 登录号 | 条形码 | 馆藏地/架位号 | 状态 | 备注 |
| 1 | 0831055 | 208310558 | 第二样本阅览室/ [索取号:TQ351.37/13] | 在馆 | |
| 2 | 0831056 | 208310567 | 第三借阅区/ [索取号:TQ351.37/13] | 在馆 | |
| 3 | 0831057 | 208310576 | 第三借阅区/ [索取号:TQ351.37/13] | 在馆 |